000 01031cam a22002531i 4500
003 SA-RiAUC
005 20240924120325.0
008 240922s2003 su g 00000dara c
040 _aSA-RiAUC
_bara
_cSA-RiAUC
_erda
082 0 4 _a252.29
_qSA-RiAUC
090 _a252.29
_bأ ح د
100 1 _aالأحدب، خلدون محمد سليم
_eمؤلف.
245 1 0 _aحديث أم حبيبة رضي الله عنها في صلاة التطوع :
_bدراسة حديثية فقهية نقدية /
_cتأليف خلدون الأحدب.
250 _aالطبعة الأولى.
264 1 _aجدة [السعودية] :
_bدار الأندلس الخضراء،
_c2003
300 _a461 صفحة ؛
_c24 سم.
336 _aنص
_btxt
_2rdacontent
_3كتاب
337 _aبدون وسيط
_bn
_2rdamedia
338 _aمجلد
_bnc
_2rdacarrier
490 0 _aدراسات في أصول أحاديث الأحكام ؛
_v2
650 7 _aصلاة النفل
_2aucsh
942 _2ddc
_cBOOK
_n0
949 _aSA-JeALM
_d240922
_umohamedma123
_n1
999 _c528
_d528